Ocal Europejczyków odgadując państwa - Statystyki

Ogólne statystyki
  • Ten quiz został rozwiązany 108 561 razy
    108 408 od ostatniego zresetowania
  • Średni wynik to 487 z 757
Odpowiedzi na mapie
Odpowiedzi zakodowano w zielono-czerwonej skali na mapie do tego quizu, zgodnie z poniższymi procentami.
 
Statystyki odpowiedzi
Populacja Kraj % Poprawnych
37,846,611 Polska
98%
83,783,942 Niemcy
87%
67,515,709 Francja
83%
145,934,462 Rosja
82%
46,754,778 Hiszpania
79%
60,461,826 Włochy
63%
43,733,762 Ukraina
61%
67,886,011 Wielka Brytania
61%
10,099,265 Szwecja
53%
10,196,709 Portugalia
52%
5,421,241 Norwegia
47%
10,708,981 Czechy
39%
10,423,054 Grecja
36%
5,540,720 Finlandia
34%
2,722,289 Litwa
31%
9,449,323 Białoruś
30%
17,134,872 Holandia
30%
5,459,642 Słowacja
30%
11,589,623 Belgia
28%
19,237,691 Rumunia
28%
1,886,198 Łotwa
27%
5,792,202 Dania
26%
4,937,786 Irlandia
26%
1,326,535 Estonia
24%
9,006,398 Austria
23%
9,660,351 Węgry
23%
6,926,908 Serbia
21%
8,654,622 Szwajcaria
19%
4,105,267 Chorwacja
18%
6,948,445 Bułgaria
17%
341,243 Islandia
17%
2,078,938 Słowenia
16%
2,877,797 Albania
12%
801 Watykan
11%
3,280,819 Bośnia i Hercegowina
9%
1,810,463 Kosowo
9%
77,265 Andora
8%
441,543 Malta
8%
39,242 Monako
8%
4,033,963 Mołdawia
7%
33,931 San Marino
7%
625,978 Luksemburg
6%
2,083,374 Macedonia Północna
6%
628,066 Czarnogóra
5%
38,128 Liechtenstein
4%
Nie znaleziono quizów pasujących do podanych kryteriów
Rozkład punktacji
Procent ludzi z każdym wynikiem
Percentyl według liczby udzielonych odpowiedzi
Twoja historia wyników
Nie rozwiązałeś tego quizu od ostatniego zresetowania